000 00735nam a2200229Ia 4500
003 OSt
005 20251014105815.0
008 210716s2018 xx 000 0 und d
020 _a9781788478311
040 _cAIMIT LIBRARY
041 _aeng
082 _a005.76813
_21
_bGANT
100 _aGanegedara, Thushan.
_9242196
245 _aNatural language processing with tensorflow /
_cBy Thushan Ganegedara.
250 _a1st ed.
260 _aMumbai :
_bPackt Publishing Ltd ,
_c2018.
300 _axviii,446p. ;
_bPB
_c24 cm
650 _aIntroduction to natural language processing
_9242197
650 _aUnderstanding tensorflow
_9242198
650 _aRecurrent neural networks
_9242199
942 _2ddc
_cBK
_e1st
_k005.76813 GANT
999 _c196700
_d196700